|
|
|
|
| LEADER |
01466nam a2200325 a 4500 |
| 001 |
27464 |
| 005 |
20150208114653.0 |
| 008 |
130902s1993 caua b 001 0 eng |
| 010 |
|
|
|a 93009721
|
| 020 |
|
|
|a 0127006559 (acidfree paper)
|
| 040 |
|
|
|a DLC
|c DLC
|d DLC
|d BD-DhAAL
|
| 050 |
0 |
0 |
|a TP373.6
|b .T76 1993
|
| 082 |
0 |
0 |
|a 664
|2 20
|
| 999 |
|
|
|c 13917
|d 13917
|
| 999 |
|
|
|c 13917
|
| 100 |
1 |
|
|a Troller, John A.
|9 2883
|
| 245 |
1 |
0 |
|a Sanitation in food processing /
|c John A. Troller.
|
| 250 |
|
|
|a 2nd ed.
|
| 260 |
|
|
|a San Diego :
|b Academic Press,
|c c1993.
|
| 300 |
|
|
|a xvi, 478 p. :
|b ill. ;
|c 24 cm.
|
| 440 |
|
0 |
|a Food science and technology
|9 2884
|
| 504 |
|
|
|a Includes bibliographical references and index.
|
| 541 |
|
|
|e 27464, 27465, 27466
|
| 650 |
|
0 |
|a Food industry and trade
|x Sanitation.
|9 2885
|
| 650 |
|
0 |
|a Food service
|x Sanitation.
|9 2886
|
| 830 |
|
0 |
|a Food science and technology.
|9 2887
|
| 942 |
|
|
|2 ddc
|c BK
|
| 952 |
|
|
|0 0
|1 0
|2 ddc
|4 0
|6 664_000000000000000_TRO
|7 0
|9 23290
|a BRACUL
|b BRACUL
|c GEN
|d 2013-09-02
|e Trim Education
|g 7125.00
|l 1
|o 664 TRO
|p 3010027464
|r 2014-04-24
|s 2014-02-19
|t 1
|w 2013-09-02
|y BK
|
| 952 |
|
|
|0 0
|1 0
|2 ddc
|4 0
|6 664_000000000000000_TRO
|7 0
|9 23291
|a BRACUL
|b BRACUL
|c GEN
|d 2013-09-02
|e Trim Education
|g 7125.00
|l 1
|m 7
|o 664 TRO
|p 3010027465
|r 2014-04-22
|s 2014-02-13
|t 2
|w 2013-09-02
|y BK
|
| 952 |
|
|
|0 0
|1 0
|2 ddc
|4 0
|6 664_000000000000000_TRO
|7 0
|9 23292
|a BRACUL
|b BRACUL
|c GEN
|d 2013-09-02
|e Trim Education
|g 7125.00
|l 0
|o 664 TRO
|p 3010027466
|r 2013-09-02
|t 3
|w 2013-09-02
|y BK
|